| 000 | 00948nam a22002177a 4500 | ||
|---|---|---|---|
| 005 | 20110830140438.0 | ||
| 010 | _aG-001105 | ||
| 020 |
_a9788190955621 _c48.00 |
||
| 035 | _aG-001105 | ||
| 037 | _bउपहार | ||
| 082 | _a613 | ||
| 100 |
_aशर्मा, शिवशंकर _933993 |
||
| 245 |
_aघरेलू स्वच्छता तरीके, तकनीकें / _cशिवशंकर शर्मा |
||
| 246 |
_a _b |
||
| 260 |
_aजयपुर _bशिव बुक हाऊस _c2009-10 |
||
| 270 |
_a154,चौड़ा रास्ता _bJaipur _e302003 _k |
||
| 300 |
_a32पृ. _bसचित्र _c22 सेमी (अजिल्द) |
||
| 942 |
_2ddc _cCH _h613 _mशर्माशि |
||
| 999 |
_c56094 _d56094 |
||